| 000 | 00497 a2200145 4500 | ||
|---|---|---|---|
| 999 |
_c1041 _d1041 |
||
| 020 | _a9780821385838 | ||
| 050 | _aG1046.G1 ATL 2011 | ||
| 100 |
_aWorld bank _eauthor |
||
| 245 |
_aAtlas of global development: _ba visual to the world's greatest challenge/ _cWorld Bank |
||
| 264 |
_aWashington DC: _bHarper collins publisher _c2011 |
||
| 300 |
_a144p. _bill.(col.) |
||
| 500 | _aIncludes bibliographical references and index | ||
| 650 | _aDevelopment goals | ||
| 942 |
_2lcc _cBK _e3rd ed. _h1046.G1 _iATL _kG |
||